| 000 | 00522pab a2200181 454500 | ||
|---|---|---|---|
| 008 | 180718b2004 xxu||||| |||| 00| 0 eng d | ||
| 100 | _aBiradar, R.R. | ||
| 245 | _aHuman capital base of labour force among social groups in India: emerging issues and challenges | ||
| 260 | _c2004 | ||
| 300 | _ap.731-48. | ||
| 362 | _aOct-Dec | ||
| 650 | _aSocial class - India | ||
| 650 | _aHuman capital - India | ||
| 650 | _aLabour - India | ||
| 650 | _aLabour | ||
| 773 | _aIndian Journal of Labour Economics | ||
| 909 | _a63923 | ||
| 999 |
_c63923 _d63923 |
||